| 000 | 00748nam a2200253Ia 4500 | ||
|---|---|---|---|
| 003 | OSt | ||
| 005 | 20220928124506.0 | ||
| 006 | a|||||r|||| 00| 0 | ||
| 007 | ta | ||
| 008 | 220927b |||||||| |||| 00| 0 eng d | ||
| 020 | _c350 | ||
| 024 | _a110882 | ||
| 037 |
_b105, 19/01/2011, Sunrise Books _cTextual |
||
| 040 |
_aSDCL _cSDCL _beng |
||
| 041 |
_2eng _aeng |
||
| 082 | _aV2y7M91, Q0 | ||
| 100 |
_aNimgade Namdeo _9465701 |
||
| 245 | 0 |
_aIn the tiger's shadow _b The autobiography of an Ambedkarite. |
|
| 260 |
_aNew Delhi _bNavayana _c2010 |
||
| 300 |
_axvi,289p. _ccm. |
||
| 650 | _aPolitical Science | ||
| 942 |
_hV2y7M91, Q0 _cTEXL _2CC |
||
| 999 |
_c778594 _d778594 |
||